| 000 | 00667nam a2200217 a 4500 | ||
|---|---|---|---|
| 001 | 53180 | ||
| 003 | AR-BaAGN | ||
| 005 | 20231116150819.0 | ||
| 007 | ta | ||
| 008 | s1998 ag ||||| |||| ||| ||spa d | ||
| 040 |
_aAR-BaAGN _bspa _eaacr |
||
| 110 | 1 | _aInstituto Nacional de Estadística y Censos (INDEC) | |
| 245 | 1 | 0 | _aLa calificación ocupacional y la educación formal ¿una relación difícil?. |
| 260 |
_aBuenos Aires : _bINDEC, _c1998. |
||
| 300 | _a93 páginas | ||
| 336 |
_2rdacontent _btxt |
||
| 337 |
_2rdamedia _bn |
||
| 338 |
_2rdacarrier _bnc |
||
| 490 |
_aPublicaciones del INDEC. Serie Estructura Ocupacional ; _v4: segunda parte |
||
| 942 | _cLIBRO | ||
| 999 |
_c53180 _d53180 |
||